Where in Sydney am I? - Statistics

General Stats
  • This quiz has been taken 54 times
  • The average score is 6 of 16
Answer Stats
Picture Answer % Correct
Milsons Point
91%
Sydney Olympic Park
78%
Burwood
60%
Newtown
60%
Parramatta
49%
Hornsby
44%
La Perouse
42%
Centennial Park
38%
Chatswood
38%
Mosman
33%
Palm Beach
27%
Dover Heights
22%
Liverpool
22%
Taren Point
20%
Bankstown
11%
Rozelle
7%
No matching quizzes found
Score Distribution
Percent of People with Each Score
Percentile by Number Answered
Your Score History
You have not taken this quiz